The Legend of Zelda - Breath of the Wild - Niveau moyen - Statistiques

Statistiques générales
  • Ce quiz a été pris 158 fois
  • Le résultat moyen est 11 sur 13
Statistiques - réponses
Questions Réponses % Correct
Nombre de créatures divines 4
100%
Identité réelle du vieil homme sur le même plateau Rhoam Bosphoramus Hyrule
98%
Nombre de prodiges 5
97%
Évènement climatique qui permet aux monstres de revenir à la vie Lune de sang
97%
Mini-boss le plus redoutable, possédant un corps de centaure Lynel
94%
Ennemi de base rencontré le plus souvent sur le plateau du Prélude Bokoblin
93%
Vidéos qui racontent à Link des évènements passés Souvenirs
93%
Nombre de sanctuaires 120
82%
Marchand qui sillonne tous les relais Terry
81%
Couleur des ennemis les plus puissants Argent
78%
Korogu spécial qui peut augmenter l'inventaire Noia
76%
Climat du village Goron Volcanique
62%
Point faible de Ganon, lors du combat dans la plaine d'Hyrule Œil
56%
Aucun quiz correspondant
Distribution des résultats
% des personnes avec chaque résultat
Percentile par nombre de réponses
Votre historique - résultats
Vous n’avez pas pris ce quiz